000 00842nam a22002417a 4500
003 UA-OsUOA
001 117533
007 ta
008 20160530b un ||||| |||| 00| 0 ukr d
100 _aПопович А. С.
090 _a811.161.2:316.77
_bП58
942 _cBK
040 _aUA-OsUOA
_bukr
_cUA-OsUOA
_dUA-OsUOA
245 _aУкраїнська мова в засобах масової комунікації: навчально-методичний комплекс
_bнавчальний посібник
_cЛ. М. Марчук
300 _a299 с.
955 _a2
041 _aukr
080 _a811.161.2:316.77
020 _a978-966-373-354-6
260 _aК.
_bКНТ
_c2015
650 7 _a8 Мовознавство. Художня література. Літературознавство
_2UDC
999 _c403562
_d403562